| 000 | 00440nmm a2200145Ia 4500 | ||
|---|---|---|---|
| 008 | 251105s9999||||xx |||||||||||||||||und|| | ||
| 020 | _a9788493655495 | ||
| 041 | _aspa | ||
| 100 | _avarios, Autores | ||
| 245 | 0 | _aEl Camino de Santiago en Galicia. De O Cebreiro a Finisterre | |
| 264 |
_a[Madrid, España] : _bEcos Travel Books, _c2014 |
||
| 300 | _a68 páginas | ||
| 856 | _uhttps://public.digitaliapublishing.com/a/35581 | ||
| 942 | _cCF | ||
| 999 |
_c89195 _d89195 |
||